Single stock futures : An investor’s guide

Single stock futures are an incredibly important new financial instrument for managing risk. Kennedy Mitchell provides an outstanding and easy-to-read explanation of these new products for either an expert futures user or for someone learning about futures markets for the first time.

সংরক্ষণ করুন:
গ্রন্থ-পঞ্জীর বিবরন
প্রধান লেখক: Mitchell, Kennedy
বিন্যাস: গ্রন্থ
ভাষা:Undetermined
প্রকাশিত: Hoboken John Wiley & Sons 2003
বিষয়গুলি:
ট্যাগগুলো: ট্যাগ যুক্ত করুন
কোনো ট্যাগ নেই, প্রথমজন হিসাবে ট্যাগ করুন!
Thư viện lưu trữ: Trung tâm Học liệu Trường Đại học Cần Thơ
LEADER 00855nam a2200217Ia 4500
001 CTU_113281
008 210402s9999 xx 000 0 und d
020 |c 496000 
082 |a 332.63 
082 |b M681 
100 |a Mitchell, Kennedy 
245 0 |a Single stock futures : 
245 3 |b An investor’s guide 
245 0 |c Kennedy Mitchell 
260 |a Hoboken 
260 |b John Wiley & Sons 
260 |c 2003 
520 |a Single stock futures are an incredibly important new financial instrument for managing risk. Kennedy Mitchell provides an outstanding and easy-to-read explanation of these new products for either an expert futures user or for someone learning about futures markets for the first time. 
650 |a Single stock futures,Speculation,Futures 
904 |i Giang 
980 |a Trung tâm Học liệu Trường Đại học Cần Thơ